000
00315nam a2200133 a 4500
001
4322
003
CDMR
005
20130116135254.0
008
130130s2008||||||||||||||||||||||||||||d
040
_a
CDMR
_b
cat
_c
CPC GIRONA
245
0
_a
Diploma d'Especialització en Fotografia 2007/2008
260
_c
2008
942
_c
MON
999
_c
4322
_d
4322